000 01443nac a22003491i 4500
003 EG-ScBUE
005 20241017090127.0
008 241017t2000 maua f b 001 0 eng d
020 _a9780071160438
035 _a(DLC) 99021139
040 _aEG-ScBUE
_beng
_erda
_cEG-ScBUE
_dEG-ScBUE
082 0 4 _a515.723
_bBRA
_222
100 1 _aBracewell, Ronald N.,
_eauthor.
245 1 4 _aThe fourier transform and its applications /
_cRonald N. Bracewell, Lewis M. Terman, professor of electrical engineering emeritus, Stanford University.
250 _aThird edition.
264 1 _aBoston :
_bMcGraw Hill Higher Education,
_c[2000]
264 4 _cc2000
300 _axx, 616 pages :
_billustrations ;
_c25 cm.
336 _2rdacontent
_atext
_btxt
337 _aunmediated
_2rdamedia
_bn
338 _avolume
_bnc
_2rdacarrier
490 0 _aMcGraw-Hill series in electrical and computer engineering
504 _aIncludes bibliographical references and index.
650 7 _aFourier transformations.
_2BUEsh
650 7 _aTransformations (Mathematics)
_2BUEsh
650 7 _aHarmonic analysis.
_2BUEsh
655 _vReading book
856 4 2 _3Contributor biographical information
_uhttp://www.loc.gov/catdir/bios/mh042/99021139.html
856 4 2 _3Publisher description
_uhttp://www.loc.gov/catdir/description/mh023/99021139.html
856 4 2 _3Table of contents
_uhttp://www.loc.gov/catdir/toc/mh023/99021139.html
942 _cBB
_2ddc
999 _c7087
_d7087